banner-ar

THE PAINTED ENAMELS OF LIMOGES / (Record no. 12728)

MARC details
000 -الفاتح
حقل البيانات ثابتة الطول 00499nam a2200169Ia 4500
008 - عناصر البيانات ثابتة الطول - معلومات عامة
حقل البيانات ثابتة الطول 140319s9999 xx 000 0 eng d
040 ## - مصدر الفهرسة
وكالة الفهرسة الأصلية GCL /
وكالة النسخ GCL
082 04 - رقم تصنيف ديوى العشرى
رقم التصنيف 748.46
رقم المادة C P
100 1# - المدخل الرئيسى - إسم شخصى
الإسم الشخصى CAROSELLI, SUSAN L.
245 10 - بيان العنوان
العنوان THE PAINTED ENAMELS OF LIMOGES /
بيان المسئوليه,etc CAROSELLI, SUSAN L.
700 1# - المدخل الاضافى - اسم شخصى
الإسم الشخصى LOS ANGELES COUNTY MUSUM OF ART
260 ## - PUBLICATION, DISTRIBUTION, ETC. (IMPRINT)
تاريخ النشر أو التوزيع 1993
300 ## - الوصف المادى
التعداد 216 P
650 04 - المدخل الاضافى بالموضوع-مصطلح موضوعى
مصطلح موضوعي LOS ANGELES COUNTY MUSEUM OF ART
942 ## - عناصر المدخل الإضافي( كوها)
مصدر التصنيف او مخطط الترفيف Dewey Decimal Classification
Koha [default] item type كتاب
260 ## - PUBLICATION, DISTRIBUTION, ETC. (IMPRINT)
-- [S.N] :
-- LOS ANGELES COUNTY MUSEUM OF ART ،
Holdings
حالة التراجع حالة الفقد حالة تلف ليس للاعارة المكان المؤقت الموقع الحالى تاريخ الاكتساب اجمالي اﻻعارات رقم الطلب الباركود تاريخ اخر مشاهدة تاريخ تفعيل السعر نوع وعاء كوها
        مكتبة القاهرة الكبرى مكتبة القاهرة الكبرى 03/26/2014   748.46\C P 24655 03/26/2014 03/26/2014 كتاب

Powered By

EGPV